Corporate governance, crisi d’impresa e processi di turnaround

Bibliographic Details
Main Author: Grimaldi, Francesco
Format: eBook
Language:Italian
Published: Bari: Cacucci Editore, 2013
Subjects:
Online Access:Acceso restringido

MARC

LEADER 00000nam a22000007a 4500
005 20140603233424.0
007 cr|||| ||||
008 140603s2013 it |||||s|||| 00||0 ita d
020 |a 978-88-6611-340-9 
035 |a 12202 
040 |a vLex 
090 |c 4992  |d 4992 
100 1 |a Grimaldi, Francesco 
245 1 0 |a Corporate governance, crisi d’impresa e processi di turnaround  |h [Recurso electrn̤ico] /  |c Francesco Grimaldi  
256 |a Servicio en ln̕ea 
260 |a Bari:  |b Cacucci Editore,  |c 2013 
300 |a 1 recurso electrn̤ico 
500 |a Un’indagine sulle societ ̉quotate italiane. 
506 1 |a Disponible solo en los productos indicados  |d vLex Global  |d vLex Global (Academic Edition, excluding Law Schools)  |d vLex Global (U.S. Academic Edition, Law Schools)  |d vLex Global (U.S. Academic Edition, excluding Law Schools)  |d vLex Global (Academic Edition, Law Schools) 
650 0 4 |a Derecho Mercantil y de la Empresa  |z Italia 
740 0 |a vLex Libros (Servicio en ln̕ea) 
856 4 0 |u http://vlex.com/source/corporate-governance-crisi-impresa-processi-turnaround-12202  |z Acceso restringido 
942 |c BOOK 
999 0 |a Commercial Law and Business